Normal view
MARC view
Entry Corporate Name
001 - CONTROL NUMBER
- control field: 19472
003 - CONTROL NUMBER IDENTIFIER
- control field: ARRUPE
005 - DATE AND TIME OF LATEST TRANSACTION
- control field: 20150908122449.0
008 - FIXED-LENGTH DATA ELEMENTS
- fixed length control field: 150908|| aca||aabn | a|a d
040 ## - CATALOGING SOURCE
- Original cataloging agency: ARRUPE
- Transcribing agency: ARRUPE
110 ## - HEADING--CORPORATE NAME
- Corporate name or jurisdiction name as entry element: Catholic Church
670 ## - SOURCE DATA FOUND
- Source citation: Work cat.: (ARRUPE)0: Shorter, Aylward. 19471, Church and marriage in eastern Africa /, [1975?]